<?xml version="1.0" encoding="UTF-8"?>
<collection xmlns="http://www.loc.gov/MARC21/slim">
 <record>
  <leader>01925nam a2200337 a 4500</leader>
  <controlfield tag="001">705158</controlfield>
  <controlfield tag="003">BD-DhAAL</controlfield>
  <controlfield tag="005">20230614153525.0</controlfield>
  <controlfield tag="008">090723s1996    bg       b    101 0 eng d</controlfield>
  <datafield tag="010" ind1=" " ind2=" ">
   <subfield code="a">\\\96902278 </subfield>
  </datafield>
  <datafield tag="020" ind1=" " ind2=" ">
   <subfield code="a">9840513176</subfield>
  </datafield>
  <datafield tag="040" ind1=" " ind2=" ">
   <subfield code="a">DLC</subfield>
   <subfield code="c">DLC</subfield>
   <subfield code="d">BD-DhAAL</subfield>
  </datafield>
  <datafield tag="082" ind1="0" ind2="0">
   <subfield code="a">891.440995492</subfield>
   <subfield code="2">21</subfield>
  </datafield>
  <datafield tag="245" ind1="0" ind2="0">
   <subfield code="a">Contemporary Bengali writing :</subfield>
   <subfield code="b">pre-Bangladesh period /</subfield>
   <subfield code="c">edited by Khan Sarwar Murshid.</subfield>
  </datafield>
  <datafield tag="250" ind1=" " ind2=" ">
   <subfield code="a">Second revised edition</subfield>
  </datafield>
  <datafield tag="260" ind1=" " ind2=" ">
   <subfield code="a">Dhaka :</subfield>
   <subfield code="b">University Press,</subfield>
   <subfield code="c">1996.</subfield>
  </datafield>
  <datafield tag="300" ind1=" " ind2=" ">
   <subfield code="a">viii, 169 pages ;</subfield>
   <subfield code="c">22 cm.</subfield>
  </datafield>
  <datafield tag="500" ind1=" " ind2=" ">
   <subfield code="a">&quot;The book was originally published under the title: Contemporary writing in East Pakistan&quot;--T.p. verso.
Title of the page 'Literature in Bangladesh&quot;.</subfield>
  </datafield>
  <datafield tag="504" ind1=" " ind2=" ">
   <subfield code="a">Includes bibliographical references and index.</subfield>
  </datafield>
  <datafield tag="541" ind1="1" ind2=" ">
   <subfield code="e">00008285, 20354</subfield>
  </datafield>
  <datafield tag="650" ind1=" " ind2="0">
   <subfield code="a">Bengali literature</subfield>
   <subfield code="z">Bangladesh</subfield>
   <subfield code="x">History and criticism</subfield>
   <subfield code="9">26295</subfield>
  </datafield>
  <datafield tag="650" ind1=" " ind2="0">
   <subfield code="a">Bengali literature</subfield>
   <subfield code="y">20th century</subfield>
   <subfield code="x">History and criticism</subfield>
   <subfield code="9">26296</subfield>
  </datafield>
  <datafield tag="700" ind1="1" ind2=" ">
   <subfield code="a">Muraśida, Khāna Sāraoẏāra.</subfield>
   <subfield code="9">26297</subfield>
  </datafield>
  <datafield tag="710" ind1="2" ind2=" ">
   <subfield code="a">Asiatic Society of Bangladesh.</subfield>
   <subfield code="9">26298</subfield>
  </datafield>
  <datafield tag="852" ind1="4" ind2=" ">
   <subfield code="a">Ayesha Abed Library</subfield>
   <subfield code="j">BIED Collection</subfield>
  </datafield>
  <datafield tag="942" ind1=" " ind2=" ">
   <subfield code="2">ddc</subfield>
   <subfield code="c">BK</subfield>
  </datafield>
  <datafield tag="999" ind1=" " ind2=" ">
   <subfield code="c">2796</subfield>
   <subfield code="d">2796</subfield>
  </datafield>
  <datafield tag="952" ind1=" " ind2=" ">
   <subfield code="0">0</subfield>
   <subfield code="1">0</subfield>
   <subfield code="2">ddc</subfield>
   <subfield code="4">0</subfield>
   <subfield code="6">891_440995492000000_CON_1996</subfield>
   <subfield code="7">0</subfield>
   <subfield code="9">2567</subfield>
   <subfield code="a">BRACUL</subfield>
   <subfield code="b">BRACUL</subfield>
   <subfield code="c">GEN</subfield>
   <subfield code="d">2009-07-26</subfield>
   <subfield code="g">200.00</subfield>
   <subfield code="l">1</subfield>
   <subfield code="m">12</subfield>
   <subfield code="o">891.440995492 CON</subfield>
   <subfield code="p">3010008285</subfield>
   <subfield code="r">2019-02-24</subfield>
   <subfield code="s">2018-12-04</subfield>
   <subfield code="t">1</subfield>
   <subfield code="v">400.00</subfield>
   <subfield code="w">2009-07-26</subfield>
   <subfield code="y">BK</subfield>
  </datafield>
  <datafield tag="952" ind1=" " ind2=" ">
   <subfield code="0">0</subfield>
   <subfield code="1">0</subfield>
   <subfield code="2">ddc</subfield>
   <subfield code="4">0</subfield>
   <subfield code="6">891_440995492000000_CON</subfield>
   <subfield code="7">0</subfield>
   <subfield code="9">11063</subfield>
   <subfield code="a">BIGD</subfield>
   <subfield code="b">BIGD</subfield>
   <subfield code="c">GEN</subfield>
   <subfield code="d">2023-06-13</subfield>
   <subfield code="l">0</subfield>
   <subfield code="o">891.440995492 CON</subfield>
   <subfield code="p">3050020354</subfield>
   <subfield code="r">2010-06-17</subfield>
   <subfield code="t">3</subfield>
   <subfield code="y">BK</subfield>
   <subfield code="x">Transferred from BDI to BIGD.</subfield>
  </datafield>
  <datafield tag="952" ind1=" " ind2=" ">
   <subfield code="0">0</subfield>
   <subfield code="1">0</subfield>
   <subfield code="2">ddc</subfield>
   <subfield code="4">0</subfield>
   <subfield code="6">891_440995492000000_CON</subfield>
   <subfield code="7">0</subfield>
   <subfield code="9">44776</subfield>
   <subfield code="a">BRACUL</subfield>
   <subfield code="b">BRACUL</subfield>
   <subfield code="c">GEN</subfield>
   <subfield code="d">2015-01-23</subfield>
   <subfield code="l">2</subfield>
   <subfield code="m">30</subfield>
   <subfield code="o">891.440995492 CON</subfield>
   <subfield code="p">3010028578</subfield>
   <subfield code="r">2023-09-11</subfield>
   <subfield code="s">2023-03-05</subfield>
   <subfield code="t">2</subfield>
   <subfield code="w">2015-01-23</subfield>
   <subfield code="y">BK</subfield>
  </datafield>
  <datafield tag="952" ind1=" " ind2=" ">
   <subfield code="0">0</subfield>
   <subfield code="1">0</subfield>
   <subfield code="2">ddc</subfield>
   <subfield code="4">0</subfield>
   <subfield code="6">891_440995492000000_CON</subfield>
   <subfield code="7">0</subfield>
   <subfield code="9">66532</subfield>
   <subfield code="a">BRACUL</subfield>
   <subfield code="b">BRACUL</subfield>
   <subfield code="c">GEN</subfield>
   <subfield code="d">2019-09-26</subfield>
   <subfield code="e">Complimentary copy from BIED</subfield>
   <subfield code="l">0</subfield>
   <subfield code="o">891.440995492 CON</subfield>
   <subfield code="p">3010036081</subfield>
   <subfield code="r">2019-09-26</subfield>
   <subfield code="t">4</subfield>
   <subfield code="w">2019-09-26</subfield>
   <subfield code="y">BK</subfield>
   <subfield code="x">Transferred from BIED to General Stacks</subfield>
  </datafield>
 </record>
</collection>
